Bacilles de tendresse = Bacilos de ternura /

Sparad:
Bibliografiska uppgifter
Huvudupphov: Pozier, Bernard (autor)
Materialtyp: Bok
Språk:spanska
Utgiven: México : Quebec, Canadá : Ediciones Sin Nombre : Juan Pablos, Ecrits des Forges, 2000, c2000
Serie:(El Arca de Babel)
Ämnen:
Taggar: Lägg till en tagg
Inga taggar, Lägg till första taggen!

MARC

LEADER 00000nam^a2200000^a^4500
001 000166232
005 20250521000000.0
009 20260310101046.163
022 |a 970-9059-89-0 
022 |a 2-89046-605 
037 |a Acervo ITESO - Biblioteca 
041 |a ESP 
082 |a 819. 11  |b POZ 
100 |a Pozier, Bernard  |e (autor) 
245 1 0 |a Bacilles de tendresse =  |b Bacilos de ternura /  |c B. Pozier ; tr. por Laura González Durán. 
264 4 |a México :  |b Ediciones Sin Nombre :  |b Juan Pablos,  |a Quebec, Canadá :  |b Ecrits des Forges,  |c 2000, c2000 
300 |a 91 p. 
336 |a texto  |b txt  |2 rdacontenido 
337 |a sin mediación  |b n  |2 rdamedio 
338 |a volumen  |b nc  |2 rdasoporte 
440 4 |a (El Arca de Babel) 
546 |a Edición bilingüe español-francés 
649 |a XX 
650 |a Poesía Canadiense 
650 |a Literatura Canadiense -  |y Siglo XX 
650 |a Literatura en Francés -  |z Canadá 
740 0 |a Bacilos de ternura /  |c B. Pozier ; tr. por Laura González Durán. 
910 |a Fondo General 
920 |a Impresos - Libros 
930 |a Colección General 
940 |a Literatura 
905 |a 101 
901 |a 0500101389  |b IT1  |c LIT  |u 20250521 
902 |a https://opac.biblio.iteso.mx/vufind/Record/000166232